Every Former Name of NHL Teams - Statistics

General Stats
  • This quiz has been taken 45 times
  • The average score is 10 of 17
Answer Stats
Current Team Tenure Answer % Correct
Arizona Coyotes (inactive) 1996-2014 {Phoenix} Coyotes
100%
Utah Mammoth 2024-2025 Utah {Hockey Club}
97%
Anaheim Ducks 1993-2006 {Mighty} Ducks of Anaheim
95%
Dallas Stars 1967-1993 {Minnesota North} Stars
87%
Carolina Hurricanes 1979-1997 Hartford Whalers
82%
Colorado Avalanche 1972-1995 Quebec Nordiques
82%
Calgary Flames 1972-1980 {Atlanta} Flames
79%
Winnipeg Jets 1999-2011 Atlanta Thrashers
77%
Arizona Coyotes (inactive) 1972-1996 Winnipeg Jets
64%
Edmonton Oilers 1972-1973 {Alberta} Oilers
49%
New Jersey Devils 1976-1982 Colorado Rockies
38%
Toronto Maple Leafs 1919-1927 Toronto {St. Patricks}
33%
Carolina Hurricanes 1972-1979 New England Whalers
26%
New Jersey Devils 1974-1976 Kansas City Scouts
23%
Toronto Maple Leafs 1917-1919 Toronto {Arenas}
21%
Detroit Red Wings 1926-1930 Detroit {Cougars}
15%
Detroit Red Wings 1930-1932 Detroit {Falcons}
13%
No matching quizzes found
Score Distribution
Percent of People with Each Score
Percentile by Number Answered
Your Score History
You have not taken this quiz